Ceny elektriny aj plynu sú stále pod vplyvom geopolitiky

Trh s plynom je stále pod vplyvom geopolitiky a ani nadchádzajúca letná vtlačná sezóna a hlavne budúca zima nemajú dostatočne garantované dodávky. Riziko nedostatku plynu na trhu je stále aktuálne a tak ceny nemajú dostatočný priestor k poklesu. Avšak na druhej strane, diverzifikácia dodávok, LNG, s...

Descrizione completa

Salvato in:
Dettagli Bibliografici
Autore principale: Pišta, Ján
Natura: Capitolo di libro
Lingua:slovacco
Soggetti:
Tags: Aggiungi Tag
Nessun Tag, puoi essere il primo ad aggiungerne!!

MARC

LEADER 00000naa a2200000 4500
001 0312458
005 20250926102250.1
041 0 |a slo 
044 |a CZ 
245 1 0 |a Ceny elektriny aj plynu sú stále pod vplyvom geopolitiky  |c Ján Pišta 
520 |a Trh s plynom je stále pod vplyvom geopolitiky a ani nadchádzajúca letná vtlačná sezóna a hlavne budúca zima nemajú dostatočne garantované dodávky. Riziko nedostatku plynu na trhu je stále aktuálne a tak ceny nemajú dostatočný priestor k poklesu. Avšak na druhej strane, diverzifikácia dodávok, LNG, slabšia nórska údržba a obavy z poklesu dopytu kvôli možnej recesii spôsobenej americkými clami budú tlmiť prudší rast cien. 
610 2 0 |a geopolitika 
610 2 0 |a tvorba cien 
610 2 0 |a elektrina 
610 2 0 |a plyn zemný 
610 2 0 |a trh energetický 
100 1 |a Pišta, Ján